Tài liệu bồi dưỡng giáo viên dạy chương trình và sách giáo khoa lớp 11 thí điểm Môn hoạt động giáo dục hướng nghiệp

Những vấn đề chung về đổi mới giáo dục phổ thông. Phương pháp giảng dạy chương trình hoạt động hướng nghiệp lớp 11

Сохранить в:
Библиографические подробности
Другие авторы: Phạm Tất dong (ch.b), Trần Mai Thu (b.soạn), Nguyễn Thế Trường (b.soạn)
Формат:
Язык:Vietnamese
Опубликовано: H. Viện Nghiên cứu Sư phạm 2004
Серии:Bộ Giáo dục và Đào tạo. Vụ Giáo dục Trung học - Dự án phát triển giáo dục Trung học - Trường ĐHSP Hà Nội
Предметы:
Метки: Добавить метку
Нет меток, Требуется 1-ая метка записи!
Thư viện lưu trữ: Mạng thư viện Đại học Đà Nẵng
LEADER 01828nam a2200397 4500
001 000006515
003 2672
005 20110914090914.0
008 110913s2004 viesd
020 |c 000đ 
041 0 |a vie 
082 |a 373.112  |b Tai 
245 0 |a Tài liệu bồi dưỡng giáo viên dạy chương trình và sách giáo khoa lớp 11 thí điểm  |b Môn hoạt động giáo dục hướng nghiệp  |c Phạm Tất Dong (ch.b) ; B.soạn; Trần Mai Thu ; Nguyễn Thế trường 
260 |a H.  |b Viện Nghiên cứu Sư phạm  |c 2004 
300 |a 87 tr  |b bảng  |c 29 cm 
490 |a Bộ Giáo dục và Đào tạo. Vụ Giáo dục Trung học - Dự án phát triển giáo dục Trung học - Trường ĐHSP Hà Nội 
500 |a Lưu hành nội bộ ( Dùng cho giáo viên và cán bộ quản lí giáo dục ) 
520 |a Những vấn đề chung về đổi mới giáo dục phổ thông. Phương pháp giảng dạy chương trình hoạt động hướng nghiệp lớp 11 
653 |a Môn hoạt động giáo dục hướng nghiệp 
653 |a Lớp 11 
653 |a Sách giáo viên 
653 |a Phương pháp giảng dạy 
700 |a Phạm Tất dong  |e ch.b 
700 |a Trần Mai Thu  |e b.soạn 
700 |a Nguyễn Thế Trường  |e b.soạn 
910 |a Nguyễn Thị Kim Oanh  |d 13/09/2011 
OWN |a LSP 
AVA |a UDN50  |b LSP  |d 373.112 Tai  |e available  |t Error 5001 Not defined in file expand_doc_bib_avail.  |f 1  |g 0  |h N  |i 0  |k 1 
999 |a From the UDN01 
AVA |a UDN50  |b LSP  |d 373.112 Tai  |e available  |t Error 5001 Not defined in file expand_doc_bib_avail.  |f 1  |g 0  |h N  |i 0  |k 1 
TYP |a Monograph 
TYP |a Printed language 
980 |a Mạng thư viện Đại học Đà Nẵng